000
00312cam a22001217a 4500
008
180718b1963 xxu||||| |||| 00| 0 eng d
082
_a
T15x42 M611
100
_a
Millar,Robert
245
_a
The affluent sheep
_c
by Robert Millar
260
_a
London
_b
Longmans
_c
1963
300
_a
203p.
650
_a
Consumers - UK
999
_c
373902
_d
373902